Grösste Städte Bayern nach Regierungsbezirken - Statistiken

Allgemein
  • Dieses Quiz wurde 93 mal gespielt
  • Das Durchschnittsergebnis liegt bei 25 aus 35
Antwortstatistiken
Bezirk Einwohner Antwort % Korrekt
Oberbayern 1.505.000 München
97%
Schwaben 301.105 Augsburg
96%
Oberpfalz 151.389 Regensburg
96%
Mittelfranken 132.036 Fürth
93%
Mittelfranken 529.508 Nürnberg
93%
Oberbayern 141.185 Ingolstadt
92%
Oberfranken 72.940 Bayreuth
89%
Unterfranken 133.258 Würzburg
89%
Oberfranken 77.150 Bamberg
88%
Niederbayern 53.039 Passau
88%
Mittelfranken 115.928 Erlangen
86%
Niederbayern 71.863 Landshut
85%
Oberbayern 65.274 Rosenheim
83%
Unterfranken 73.091 Aschaffenburg
79%
Oberfranken 46.778 Hof
79%
Schwaben 67.645 Kempten
79%
Schwaben 62.641 Neu-Ulm
74%
Unterfranken 54.481 Schweinfurt
74%
Oberfranken 41.064 Coburg
69%
Oberpfalz 42.444 Weiden
67%
Mittelfranken 40.742 Ansbach
65%
Oberbayern 47.138 Dachau
65%
Oberbayern 48.928 Freising
64%
Schwaben 44.192 Memmingen
64%
Oberpfalz 42.553 Amberg
63%
Niederbayern 49.002 Straubing
63%
Niederbayern 35.044 Deggendorf
58%
Schwaben 46.193 Kaufbeuren
56%
Oberpfalz 41.103 Neumarkt
56%
Mittelfranken 40.835 Schwabach
53%
Oberpfalz 29.877 Schwandorf
44%
Unterfranken 23.223 Bad Kissingen
42%
Unterfranken 22.936 Kitzingen
40%
Oberfranken 33.017 Forchheim
39%
Niederbayern 20.749 Dingolfing
38%
Keine übereinstimmenden Quizze gefunden
Verteilung der Resultate
Anzahl Personen mit jedem Resultat
Perzentil nach korrekt beantworteten Fragen
Ihre Resultats-Entwicklung
Sie haben dieses Quiz noch nicht gespielt